• 首页
  • 本馆介绍
  • 公告通知
  • 最新文献
  • 馆藏检索
  • 电子资源
  • 读者导购
  • 参考咨询
  • 我的图书馆
  • 登录
  • 详细信息显示
  • 放入我的书架
  • 预约/预借图书
  • 作者相关作品
  • 分类相关作品
  • 丛书相关作品
  • 出版社相关作品

书目信息

  • 表格格式
  • 工作单格式
  • 卡片格式
题名:
安防天下
    
 
作者: 潘国辉 编著
分册: 2   智能高清视频监控原理精解与最佳实践
出版信息: 北京   清华大学出版社  2018重印
页数: 786页
开本: 26cm
丛书名:
单 册:
中图分类: TN941.3 , TP277
科图分类:
主题词: 计算机网络--Ji Suan Ji Wang Luo--视频系统--监视控制
电子资源:
ISBN: 978-7-302-35625-7
000 01205nam 2200289 45
001 012001000734
005 20191108095715.62
010    @a978-7-302-35625-7@dCNY99.00
099    @aCAL 012014087851
100    @a20140709d2014 em y0chiy50 ea
101 0  @achi
102    @aCN@b110000
105    @aak a 000yy
106    @ar
200 1  @a安防天下@AAn Fang Tian Xia@h2@i智能高清视频监控原理精解与最佳实践@f潘国辉编著
205    @a第2版
210    @a北京@c清华大学出版社@d2018重印
215    @a786页@c图@d26cm
320    @a有书目 (第783-786页)
330    @a本书的内容涉及了模拟视频监控系统、编码压缩、DVR、DVS、IPC、NVR、视频分析、高清IP摄像机、视频传输、CMS、视频存储、解码显示、大屏幕、PSIM、物联网、云计算、大数据、数字高清摄像机、模拟高清摄像机、镜头等各个方面,并辅有大量的相关应用案例供读者参考,以期让读者更好地理解和应用。
517 1  @a智能高清视频监控原理精解与最佳实践@AZhi Neng Gao Qing Shi Pin Jian Kong Yuan Li Jing Jie Yu Zui Jia Shi Jian
606 0  @a计算机网络@AJi Suan Ji Wang Luo@x视频系统@x监视控制
690    @aTN941.3@v5
690    @aTP277@v5
701  0 @a潘国辉@APan Guo Hui@4编著
801  0 @aCN@b北京卓展文化@c20191020
905    @b1200904-6@dTN941.3@e274:2=2@f3
    
    安防天下.2.智能高清视频监控原理精解与最佳实践/潘国辉编著.-第2版.-北京:清华大学出版社,2018重印
    786页:图;26cm
    
    
    ISBN 978-7-302-35625-7:CNY99.00
    本书的内容涉及了模拟视频监控系统、编码压缩、DVR、DVS、IPC、NVR、视频分析、高清IP摄像机、视频传输、CMS、视频存储、解码显示、大屏幕、PSIM、物联网、云计算、大数据、数字高清摄像机、模拟高清摄像机、镜头等各个方面,并辅有大量的相关应用案例供读者参考,以期让读者更好地理解和应用。
●
相关链接 在E读中查询图书 在五车中查询图书 在当当中查询图书 在豆瓣中查询图书


正题名:安防天下     索取号:TN941.3/274:2=2         预约/预借

序号 登录号 条形码 馆藏地/架位号 状态 备注
1 1200904   212009048   第二样本阅览室/ [索取号:TN941.3/274:2=2] 在馆    
2 1200905   212009057   第三借阅区/ [索取号:TN941.3/274:2=2] 在馆    
3 1200906   212009066   第三借阅区/ [索取号:TN941.3/274:2=2] 在馆    
唐山师范学院图书馆 欢迎您!
大连网信软件有限公司© 版权所有